000 00478nam a2200181Ia 4500
001 9492
005 20260306161722.0
008 260306t1979||||xx |||||||||||||| ||spa||
041 _aESP
082 _a379.46
_bI59
100 _aInstituto Nacional de Ciencias de la Educación
_eAUT
245 0 _aInvestigaciones educativas de la red incie-ices 1974-78
260 _c1979
300 _a317 páginas :
_c24 cm.
650 _aGEN
654 _aCED
942 _cLIB
_dJUS
_fJUS
_2ddc
_n
999 _c9492
_d9492